Star Wars personnages par image - Statistiques

Statistiques générales
  • Ce quiz a été pris 141 fois
  • Le résultat moyen est 14 sur 16
Statistiques - réponses
Par images Réponse % Correct
R2d2
100%
Han Solo
97%
Yoda
97%
Dark Vador
95%
Palpatine
95%
Chewbacca
93%
Obi wan Kenobi
93%
Bb8
90%
Rey
90%
Padmé Amidala
89%
Luke Skywalker
88%
Kylo ren
85%
Jabba le hutt
82%
Finn
79%
Leïla Organa
78%
Grogu
61%
Aucun quiz correspondant
Distribution des résultats
% des personnes avec chaque résultat
Percentile par nombre de réponses
Votre historique - résultats
Vous n’avez pas pris ce quiz